000 00345nam a2200133Ia 4500
008 240624s9999 xx 000 0 und d
041 _aeng
082 _a021.24 LAL
100 _aLAL C
245 _aUGC NET EXAMINATION GUIDE PAPER I TEACHI
260 _c2006
_aNew Delhi
_bEss Ess Publications
300 _a439 : p. : cm. ; 21
365 _cRS
_b20
999 _c8411
_d8411